Essentials of medical physiology

Gardado en:
Detalles Bibliográficos
Autor Principal: SEMBULINGAM, K.
Formato: Libro
Idioma:inglés
Publicado: Jaypee Brother Medical Publishers 2016
Tags: Engadir etiqueta
Sen Etiquetas, Sexa o primeiro en etiquetar este rexistro!

MARC

LEADER 00000nam a22000007a 4500
008 210120b ||||| |||| 00| 0 eng d
020 |a 978-93-85999-11-6 
100 |a SEMBULINGAM, K. 
245 |a Essentials of medical physiology  |c K. Sembulingam [and] Prema Sembulingam   |g xxi, 1112p.: ill.  
250 |b 7th ed.  
260 |b Jaypee Brother Medical Publishers  |c 2016  |h New Delhi:   |i 690294  |l QP34.5 .Se5  |m Human physiology – Textbooks.  |m Physiology. 
500 |a “It includes index”. 
942 |a lcc  |c BK  |e Adeniran, F. A  |f 20/01/2021 
952 |0 0  |1 0  |2 lcc  |4 0  |6 QP00345 S E5  |7 0  |9 1325  |a HOL  |b HOL  |c LP  |d 2021-01-20  |l 0  |o QP34.5 .Se5  |p 2021-0138  |r 2021-01-20 00:00:00  |w 2021-01-20  |y BK 
999 |c 674  |d 674